Stadtwappen - Großstädte in NRW - Statistiken

Allgemein
  • Dieses Quiz wurde 136 mal gespielt
  • Das Durchschnittsergebnis liegt bei 9 aus 23
Antwortstatistiken
Bildquiz Antwort % Korrekt
Köln
78%
Dortmund
65%
Düsseldorf
63%
Duisburg
50%
Gelsenkirchen
50%
Essen
46%
Aachen
45%
Münster
43%
Leverkusen
42%
Bonn
41%
Herne
41%
Wuppertal
41%
Bochum
40%
Bielefeld
29%
Hagen
27%
Oberhausen
27%
Krefeld
25%
Hamm
24%
Mönchengladbach
24%
Bottrop
23%
Solingen
22%
Mülheim an der Ruhr
20%
Remscheid
16%
Keine übereinstimmenden Quizze gefunden
Verteilung der Resultate
Anzahl Personen mit jedem Resultat
Perzentil nach korrekt beantworteten Fragen
Ihre Resultats-Entwicklung
Sie haben dieses Quiz noch nicht gespielt